000
00228nam a22000857a 4500
008
161110b xxu||||| |||| 00| 0 eng d
100
_9
1115
_a
Rao. I
245
_a
Learning Science part 3
260
_a
New Delhi
_b
National Book Trust
_c
2006
999
_c
3776
_d
3776